Statistics for Guess the NBA Player By Picture

Click here to take the quiz!

General Stats

  • This quiz has been taken 149 times
  • The average score is 10 of 16

Answer Stats

Answer% Correct
LaMelo Ball
98%
Devin Booker
95%
Joel Embiid
92%
Trae Young
91%
Ben Simmons
81%
Jalen Green
74%
Tyler Herro
73%
Carmelo Anthony
72%
Karl Anthony-Towns
61%
Deandre Ayton
59%
Darius Garland
55%
Franz Wagner
46%
Jae Crowder
46%
Kentavious Caldwell-Pope
34%
John Collins
33%
Donte DiVincenzo
29%

Score Distribution

Percentile by Number Answered

Percent of People with Each Score

Your Score History

You have not taken this quiz